ESPN's Favorite Major League Baseball (MLB) Teams - 2021 Season - Statistics

General Stats
  • This quiz has been taken 228 times
  • The average score is 8 of 10
Answer Stats
# of Games Team Name % Correct
27 Yankees
99%
32 Dodgers
97%
27 Mets
89%
29 Red Sox
88%
26 Braves
82%
25 Cubs
79%
22 Padres
73%
21 Phillies
71%
23 Cardinals
66%
19 Rays
66%
No matching quizzes found
Score Distribution
Percent of People with Each Score
Percentile by Number Answered
Your Score History
You have not taken this quiz